000 00387nam a2200133Ia 4500
008 100328s9999 xx 000 0 und d
082 _b60267
100 _aनागवेकर अरविंद
245 _aलिंगोदेभव.
260 _bगं्रथाली.
630 _aलिंगोदेभव.
730 _aलिंगोदेभव.
942 _cBOOK
999 _c546429
_d546426